| 000 | 00847cam a2200241 4500 | ||
|---|---|---|---|
| 001 | ABS62236 | ||
| 008 | 000000n2000 000 0 eng u | ||
| 035 | _a(Sirsi) u105847 | ||
| 100 | _aWilkinson, H. W. | ||
| 245 | 4 | _aThe keeping of dogs | |
| 260 | _c2000 | ||
| 490 |
_aNew Law Journal _v150(6933) 28 April 2000, 606-607(2) |
||
| 520 | _aDiscusses case law relating to the keeping of dogs in residential areas and whether planning permission is required. Notes that there are no general guidelines regarding the number of dogs. | ||
| 590 | _aABS | ||
| 650 | _aPLANNING PERMISSION | ||
| 650 | _aDOGS | ||
| 650 | _aQUIET ENJOYMENT | ||
| 650 | _aDENBIGHSHIRE CC V EDWARDS | ||
| 650 | _aWALLINGTON V SOS WALES | ||
| 650 | _aTORRIDGE DC V IRVING | ||
| 690 | _aENVIRONMENTAL AND LAND CONSULTANCY-PLANNING AND DEVELOPMENT | ||
| 942 | _n0 | ||
| 999 |
_c63387 _d63387 |
||